| 000 | 00645nam a2200181Ia 4500 | ||
|---|---|---|---|
| 008 | 151018s9999 xx 000 0 und d | ||
| 082 |
_bRBASDV61067 _a891.461 |
||
| 100 | _aनीलम माणगावे | ||
| 245 | _aअंगण गाणी रिंगण गाणी | ||
| 250 | _b1 | ||
| 260 |
_bअक्षरदीप प्रकाशन _c2013 |
||
| 300 | _a48 | ||
| 600 | _aनीलम माणगावे | ||
| 630 | _aअंगण गाणी रिंगण गाणी | ||
| 700 | _aनीलम माणगावे | ||
| 730 | _aअंगण गाणी रिंगण गाणी | ||
| 942 | _cBOOK | ||
| 999 |
_c1054560 _d1054557 |
||